000 00795nac a22002411u 4500
010 _a008450610
020 _a0471914525 (pbk)
022 _a0471915386 .
082 _a616.12
_bP539
090 _c3449
_d3449
100 _aPhilips, Tania J.
245 _aCardiology /
_c Tania J. Phillips, P.N. Plowman.
260 _aChichester :
_b Wiley, c1987.
_cC.1987.
490 _a ( The Illustrated lecture series)
500 _aDonations .
500 _aDonations - Bibliotheca Alexandrina.
504 _aIncludes Index.
650 _aHeart -- Diseases.
650 _aMan Heart Diseases
700 _aPlowman, P. N.
942 _cBB
_k616.12P539
999 _c3449
_d3449